Lactancia /
Este capítulo explica los beneficios de la lactancia materna y todo lo relacionado con esta forma de alimentar y dar amor: el calostro, la bajada de la leche, la mastitis, opciones a la lactancia materna, el regreso al trabajo.
Guardado en:
| Autor Principal: | |
|---|---|
| Autor Corporativo: | |
| Otros Autores: | |
| Formato: | |
| Publicado: |
Argentina,
2011.
|
| Series: | Maternidad, 9 meses y algo más
|
| Materias: | |
| Etiquetas: |
Agregar Etiqueta
Sin Etiquetas, Sea el primero en etiquetar este registro!
|
| LEADER | 01119ngm a22003135g 4500 | ||
|---|---|---|---|
| 001 | CEM.cems023767 | ||
| 008 | 130507s2011##################0###0#####d | ||
| 005 | 20250701161247.0 | ||
| 245 | 1 | 0 | |a Lactancia / |c Ricardo Cohen. |
| 260 | |a Argentina, |c 2011. | ||
| 490 | 0 | |a Maternidad, 9 meses y algo más | |
| 538 | |a Soporte: DVD - Color: Si - Grabación DRD. | ||
| 500 | |a Consultar en ventanilla. | ||
| 520 | |a Este capítulo explica los beneficios de la lactancia materna y todo lo relacionado con esta forma de alimentar y dar amor: el calostro, la bajada de la leche, la mastitis, opciones a la lactancia materna, el regreso al trabajo. | ||
| 100 | 1 | |a Cohen, Ricardo | |
| 710 | 2 | |a Canal Encuentro. | |
| 700 | 1 | |a Peña, Florencia; Conducción. | |
| 082 | 6 | 1 | |/ COH-2 |
| 653 | |a SALUD | ||
| 653 | |a MATERNIDAD | ||
| 653 | |a SALUD REPRODUCTIVA | ||
| 653 | |a EMBARAZO | ||
| 653 | |a MEDICINA | ||
| 653 | |a GINECOLOGIA | ||
| 653 | |a EDUCACION SEXUAL | ||
| 653 | |a LACTANCIA | ||
| 653 | |a NEONATOLOGIA | ||
| 653 | |a SERIE DE TELEVISIÓN | ||
| 859 | |a CEMS |b BIB. CEMS - Depto. Recursos Didacticos |h 614 |i COH-2 |k DRD |p 2410.15 |t Ej.1 | ||
